000 00474pab a2200181 454500
008 180718b2004 xxu||||| |||| 00| 0 eng d
100 _aBhai, L. Thara
245 _aMicro credit and social capitalism in rural Tamil Nadu
260 _c2004
300 _ap.30-35.
362 _aJan
650 _aRural development - India - Tamil Nadu
650 _aRural development
700 _aGeetha, B.
700 _aKaruppiah, C.
773 _aSocial Welfare
909 _a59181
999 _c59181
_d59181